Movies Quiz

Random Movies or James Bond Quiz

Bond Actors By Film Quiz Stats

 Plays Quiz Updated Aug 1, 2018

Also try: 007 In Other Words
Challenge
Share
Tweet
Embed
Score 0/24 Timer 03:00
2 Plays Today
Film Actor % Correct
Goldfinger???
90.1%
Skyfall???
89%
Casino Royale???
86.7%
Quantum of Solace???
85.5%
Spectre???
82.3%
Dr. No???
82.2%
The World Is Not Enough???
82%
Moonraker???
81.5%
Tomorrow Never Dies???
79.5%
Die Another Day???
78.6%
From Russia With Love???
77.3%
Thunderball???
75.5%
Film Actor % Correct
GoldenEye???
72.7%
Octopussy???
72.4%
Diamonds Are Forever???
71.6%
Live and Let Die???
70.8%
For Your Eyes Only???
69.7%
The Spy Who Loved Me???
66.4%
License to Kill???
63.2%
The Man With the Golden Gun???
62.9%
The Living Daylights???
62.2%
On Her Majesty's Secret Service???
58.2%
You Only Live Twice???
56.6%
A View To a Kill???
55.6%

You're not logged in!

Compare scores with friends on all Sporcle quizzes.
Join for Free
OR
Log In

You Might Also Like...

Show Comments

Extras

Top Quizzes Today


Score Distribution

Your Account Isn't Verified!

In order to create a playlist on Sporcle, you need to verify the email address you used during registration. Go to your Sporcle Settings to finish the process.

Report this User

Report this user for behavior that violates our Community Guidelines.

Details: